Polska rzeki cz 2 - Statystyki

Ogólne statystyki
  • Ten quiz został rozwiązany 4 razy
  • Średni wynik to 3 z 26
Statystyki odpowiedzi
Odpowiedź % Poprawnych
Bug
75%
Narew
75%
Bzura
25%
Drwęca
25%
Osa
25%
Skrwa
25%
Wkra
25%
Biebrza
0%
Czarna Hańcza
0%
Ełk
0%
Guber
0%
K. Augustowski
0%
K. Elbląski
0%
Liwa
0%
Liwiec
0%
Łyna
0%
Nogat
0%
Nurzec
0%
Omulew
0%
Orzyc
0%
Pasłęka
0%
Pisa
0%
Rawka
0%
Rozoga
0%
Sokółka
0%
Supraśl
0%
Nie znaleziono quizów pasujących do podanych kryteriów
Rozkład punktacji
Procent ludzi z każdym wynikiem
Percentyl według liczby udzielonych odpowiedzi
Twoja historia wyników
Nie rozwiązałeś tego quizu